| 000 | 00362 a2200169 4500 | ||
|---|---|---|---|
| 001 | 191500 | ||
| 020 | _a978-85-322-8583-6 | ||
| 040 | _cMagnum | ||
| 100 | _aBeatriz, Elza | ||
| 240 | 1 | 0 |
_aPare no p da poesia _lpor |
| 245 | 1 | 0 | _aPare no p da poesia |
| 300 | _a36 | ||
| 362 | 0 | _a2013 | |
| 440 | 1 | _aFTD | |
| 697 | _aLITERATURA INFANTO-JUVENIL | ||
| 942 | _cBK | ||
| 999 |
_c191500 _d191500 |
||